[Event "Open A"]
[Site "Voronezh RUS"]
[Date "2006.06.13"]
[Round "2"]
[White "Yashtylov,A"]
[Black "Chekhov,S"]
[Result "1-0"]
[WhiteElo "2405"]
[BlackElo "2099"]

1.d4 Nf6 2.Nf3 g6 3.g3 Bg7 4.Bg2 O-O 5.c4 d6 6.Nc3 Nc6 7.O-O a6 8.h3 Rb8
9.Bg5 b5 10.cxb5 axb5 11.d5 Na5 12.b4 Nc4 13.Nd4 Bd7 14.e3 h6 15.Bxf6 Bxf6
16.Qe2 Qe8 17.a4 e6 18.dxe6 fxe6 19.Ncxb5 Bxb5 20.axb5 Bxd4 21.exd4 d5 22.Rfe1 Kf7
23.Bxd5 exd5 24.Qf3+ Kg7 25.Rxe8 Rbxe8 26.Qxd5 Nb6 27.Qc5 Rf7 28.d5 Rd8 29.Rd1 Rd6
30.Re1 Nxd5 31.Re8 Kh7 32.b6 Nxb6 33.Qe5 Rdf6 34.Qd4 Rf8 35.Re7+ R6f7 36.Qf6 Rxe7
37.Qxe7+ Kg8 38.Qc5 Rf6 39.Qe7  1-0

[Event "10th Heraclion Open"]
[Site "Athens GRE"]
[Date "2006.06.15"]
[Round "6"]
[White "Logothetis,S"]
[Black "Tsiropoulas,A"]
[Result "1/2-1/2"]
[WhiteElo "2298"]
[BlackElo "2012"]

1.d4 Nf6 2.c4 g6 3.Nf3 Bg7 4.g3 O-O 5.Bg2 d6 6.O-O Nc6 7.Nc3 a6 8.Re1 Rb8
9.Rb1 b5 10.cxb5 axb5 11.b4 h6 12.d5 Ne5 13.Nxe5 dxe5 14.Be3 Ne8 15.Ba7 Rb7
16.Bc5 Nd6 17.Qd3 Bd7 18.e4 f5 19.f3 f4 20.Ne2 g5 21.gxf4 gxf4 22.Kh1 Kh8
23.Ng1 Qc8 24.Rbc1 Bf6 25.Qf1 Rg8 26.Rc2 Nf7 27.Rec1 Rg5 28.Bf2 Rh5  1/2-1/2

[Event "10th Heraclion Open"]
[Site "Athens GRE"]
[Date "2006.06.16"]
[Round "7"]
[White "Himaras,S"]
[Black "Papadopoulos,N"]
[Result "1/2-1/2"]
[WhiteElo "2208"]
[BlackElo "2112"]

1.d4 Nf6 2.Nf3 g6 3.c4 Bg7 4.g3 O-O 5.Bg2 d6 6.Nc3 Nbd7 7.O-O c6 8.e4 e5
9.h3 exd4 10.Nxd4 Re8 11.Re1 Qb6 12.Nc2 Ne5 13.b3 Be6 14.Na4 Qa5 15.Bd2 Qc7
16.Nd4 Bd7 17.Be3 Rad8 18.Nc3 Bc8 19.Qc2 a6 20.f4 Ned7 21.Rad1 Nc5 22.b4 Ne6
23.Nde2 Nf8 24.Nd4 N8d7 25.Nb3 Nb6 26.c5 dxc5 27.bxc5 Nbd7 28.Bf2 Nh5 29.Bf3 Nxf4
30.gxf4 Qxf4 31.Bg2 Ne5 32.Nd4 Bxh3 33.Be3  1/2-1/2

[Event "10th Heraclion Open"]
[Site "Athens GRE"]
[Date "2006.06.17"]
[Round "8"]
[White "Himaras,S"]
[Black "Tsiropoulas,A"]
[Result "1-0"]
[WhiteElo "2208"]
[BlackElo "2012"]

1.d4 Nf6 2.Nf3 g6 3.c4 Bg7 4.g3 O-O 5.Bg2 d6 6.Nc3 Nc6 7.O-O Bf5 8.Re1 Ne4
9.Nd5 Qd7 10.b3 h6 11.Bb2 g5 12.e3 e6 13.Nc3 Nb4 14.Nxe4 Bxe4 15.Ne5 dxe5
16.Bxe4 Nc6 17.dxe5 Qxd1 18.Raxd1 Nxe5 19.Bxb7 Rad8 20.Ba3 Rfe8 21.Bg2 Nd3
22.Re2 Bc3 23.Rc2 Ba5 24.Kf1 Ne5 25.Rxd8 Rxd8 26.b4 Rd3 27.Bb2 Bxb4 28.Bxe5 Rd1+
29.Ke2 Re1+ 30.Kf3 f5 31.h3 Bd6 32.Bxd6 cxd6 33.g4 Kf7 34.c5 dxc5 35.Rxc5 Rg1
36.gxf5  1-0

[Event "Open A"]
[Site "Balatonlelle HUN"]
[Date "2006.06.19"]
[Round "3"]
[White "Banusz,T"]
[Black "Forgacs,J"]
[Result "1-0"]
[WhiteElo "2460"]
[BlackElo "2222"]

1.d4 Nf6 2.c4 g6 3.Nf3 Bg7 4.g3 O-O 5.Bg2 d6 6.O-O c6 7.Nc3 Nbd7 8.e4 e5
9.h3 exd4 10.Nxd4 Qb6 11.Re1 Ne8 12.Nb3 a5 13.Be3 Qb4 14.a3 Qxc4 15.Nd4 f6
16.Bf1 Qf7 17.b3 Nc7 18.Bc4 d5 19.exd5 Nb6 20.d6 Nxc4 21.bxc4 Na6 22.Na4 Bxh3
23.Kh2 c5 24.Nb5 Bd7 25.Nb6 Rae8 26.Nxd7 Qxd7 27.Qd5+ Qf7 28.Rad1 Re5 29.Qxf7+ Kxf7
30.Bf4 Ree8 31.d7 Rxe1 32.Rxe1  1-0

[Event "Open A"]
[Site "Voronezh RUS"]
[Date "2006.06.19"]
[Round "7"]
[White "Shumiakina,T"]
[Black "Petrushin,A"]
[Result "1/2-1/2"]
[WhiteElo "2341"]
[BlackElo "2461"]

1.d4 Nf6 2.Nf3 g6 3.c4 Bg7 4.g3 O-O 5.Bg2 d6 6.O-O Nbd7 7.Nc3 e5 8.e4 exd4
9.Nxd4 Re8 10.h3 Nc5 11.Re1 c6 12.Bf4 a5 13.Qd2 Nh5 14.Be3 a4 15.Rab1 Nf6
16.Qc2 Bd7 17.b4 axb3 18.axb3 Qc8 19.b4 Na6 20.Na4 Bxh3 21.Nb6 Bxg2 22.Kxg2 Qd8
23.Nxa8 Qxa8 24.f3 Nd7 25.Bf2 Ne5 26.Red1 Qc8 27.Ne2 Qe6 28.c5 Bf8 29.cxd6 Bxd6
30.b5 Nb4 31.Qb3 Qxb3 32.Rxb3 Bf8 33.bxc6 bxc6 34.Bb6 Nc4 35.Rd8 Rxd8 36.Bxd8 Bc5
37.Bg5 Ne5 38.Bf6 Nc4 39.Rc3 Nc2 40.Kh3 N2e3 41.Rb3 Bd6 42.Rd3 Kf8 43.Nd4 Be7
44.Bxe7+ Kxe7 45.Nxc6+ Ke6 46.Nd8+ Ke7 47.Nb7 h5 48.Nc5 Kf6 49.f4 g5 50.Nd7+ Kg6
51.Ne5+ Nxe5 52.Rxe3 Ng4 53.Re2 Nf6 54.f5+ Kg7 55.e5 Nd5 56.Kg2 f6 57.e6 Kf8
58.Kf3 g4+ 59.Kg2 Ne7 60.Rf2 Kg7  1/2-1/2

[Event "ITT Club Argentino"]
[Site "Buenos Aires ARG"]
[Date "2006.06.23"]
[Round "3"]
[White "Goldwaser,C"]
[Black "Cori Tello,J"]
[Result "1-0"]
[WhiteElo "2308"]
[BlackElo "2111"]

1.d4 Nf6 2.c4 g6 3.Nf3 Bg7 4.g3 O-O 5.Bg2 d6 6.O-O Nc6 7.Nc3 Bg4 8.d5 Bxf3
9.exf3 Na5 10.Qa4 c5 11.Bd2 b6 12.Rfe1 Qd7 13.Qxd7 Nxd7 14.b3 Rfe8 15.Bh3 Ne5
16.Kg2 Nexc4 17.bxc4 Nxc4 18.Rac1 Nxd2 19.Nb5 Red8 20.Nc7 Rab8 21.Re2 a6
22.Rxe7 Bf6 23.Re2 Rb7 24.Nxa6 Ra7 25.Nxc5 bxc5 26.Rxd2 Rda8 27.Rcc2 Kg7
28.f4 h5 29.Kg1 Ra4 30.Bf1 Re8 31.Bb5 Re1+ 32.Kg2 Rb4 33.a4 Rbb1 34.h4 Rg1+
35.Kf3 Bd4 36.Bc4 Ra1 37.Ba2 Rgc1 38.Ke4 Bc3 39.Re2 Bb4 40.Kd3 Rd1+ 41.Kc4 Kf6
42.Kb5 Rd3 43.a5 Ra3 44.a6 Kf5 45.Kb6 c4 46.Kb7 Bc5 47.Bxc4 Ra4 48.Bb5 Ra5
49.Kc6 Kg4 50.Rxc5 dxc5 51.d6 Rc1 52.d7 c4 53.Kb6 Ra3 54.a7 c3 55.Kb7 Kf3
56.Rc2 Rb1 57.d8=Q Rxb5+ 58.Kc6 Rb2 59.Qd5+ Kg4 60.Qd1+ Kh3 61.Qf1+ Kh2 62.Rc1  1-0

[Event "II Perla Baltyku"]
[Site "Mielno POL"]
[Date "2006.06.24"]
[Round "5"]
[White "Sokolowski,Ry"]
[Black "Gosciniak,M"]
[Result "0-1"]
[WhiteElo "2159"]
[BlackElo "2034"]

1.Nf3 Nf6 2.g3 g6 3.Bg2 Bg7 4.d4 O-O 5.c4 d6 6.Nc3 c5 7.O-O Nc6 8.d5 Na5
9.Nd2 a6 10.Qc2 Rb8 11.b3 b5 12.Bb2 Bh6 13.f4 bxc4 14.bxc4 e5 15.e3 Bf5 16.Nce4 Nxe4
17.Bxe4 Bxe4 18.Nxe4 Nxc4 19.Bc1 Nb6 20.fxe5 dxe5 21.Rd1 Nd7 22.Rb1 f5 23.Nd6 Nb6
24.Qxc5 Na4 25.Rxb8 Nxc5 26.Rxd8 Rxd8 27.Nc4 e4 28.Ba3 Nd3 29.d6 Kf7 30.Rb1 Ke6
31.Rb7 Kd5 32.Rc7 Rb8 33.d7 Bg5 34.Rc8 Rb1+ 35.Kg2 Ne1+ 36.Kf2 Nf3 37.h4 Bf6
38.Nd2 Ra1 39.d8=Q+ Bxd8 40.Rxd8+ Ke6 41.Rd6+ Kf7 42.Nxf3 Rxa2+ 43.Rd2 Rxa3
44.Ng5+ Ke7 45.Nxh7 a5 46.Ng5 a4 47.Ke2 Ra1 48.Nh3 a3 49.Nf4 a2 50.Nxg6+ Ke8
51.Nf4 Rh1 52.Rxa2 Rh2+ 53.Kf1 Rxa2 54.Ne2 Kf7 55.Nd4 Kg6 56.Kg1 Ra5 57.Kg2 Ra2+
58.Kf1 Kh5 59.Nxf5 Kg4 60.Nd6 Kf3 61.Kg1 Rg2+ 62.Kh1 Rxg3 63.Kh2 Rg2+ 64.Kh3 Rg1
65.Kh2 Rg6 66.Nf7 Kxe3 67.Kh3 Kf2 68.h5 Rg3+ 69.Kh4 e3 70.Ng5 Rxg5 71.Kxg5 e2
72.h6 e1=Q 73.h7 Qe5+ 74.Kg6 Qh8  0-1

[Event "ch-CHN w"]
[Site "Wuxi CHN"]
[Date "2006.06.25"]
[Round "1"]
[White "Gong Qianyun"]
[Black "Huang Qian"]
[Result "0-1"]
[WhiteElo "2355"]
[BlackElo "2391"]

1.c4 Nf6 2.d4 g6 3.Nf3 Bg7 4.g3 O-O 5.Bg2 d6 6.Nc3 Nbd7 7.O-O Re8 8.e4 e5
9.h3 exd4 10.Nxd4 a6 11.Re1 Rb8 12.a4 a5 13.Be3 Nc5 14.Qc2 Bd7 15.Rad1 Na6
16.f4 Nb4 17.Qf2 Qc8 18.f5 Bc6 19.Bg5 Nd7 20.f6 Bf8 21.b3 h6 22.Be3 Nc5 23.Nxc6 Nxc6
24.Bxc5 dxc5 25.Nd5 Ne5 26.Rf1 c6 27.Ne7+ Bxe7 28.fxe7 Rxe7 29.Qxc5 Qc7 30.Qe3 Kh7
31.Rf4 Rd8 32.Rxd8 Qxd8 33.Bf1 Qd6 34.c5 Qe6 35.Qc3 Rd7 36.Kg2 h5 37.Be2 Re7
38.Bf1 Rd7 39.Be2 Kg8 40.Rf2 Kh7 41.Rf4 Re7 42.Bf1 Nd7 43.Bc4 Qe5 44.Qxa5 Kg7
45.b4 Nf6 46.Qd8 Rd7 47.Qc8 Rd2+ 48.Kh1 Rd1+ 49.Kg2 Qd4 50.Bf1 Rd2+ 51.Kh1 Nxe4  0-1

[Event "Suduroy International"]
[Site "Vagur AUT"]
[Date "2006.06.26"]
[Round "3"]
[White "Simonsen,H"]
[Black "Ziska,H"]
[Result "1-0"]
[WhiteElo "2295"]
[BlackElo "2306"]

1.d4 Nf6 2.c4 g6 3.g3 Bg7 4.Bg2 O-O 5.Nf3 d6 6.O-O Nbd7 7.Nc3 e5 8.e4 a6
9.Rb1 b5 10.cxb5 axb5 11.b4 Bb7 12.Qc2 c6 13.dxe5 dxe5 14.Rd1 Qe7 15.a4 Rfc8
16.Nd2 c5 17.Ba3 bxa4 18.bxc5 Bc6 19.Nd5 Qe6 20.Nc4 Rab8 21.Rxb8 Rxb8 22.Nc7 Qe7
23.Rd6 Bb5 24.Nxb5 Rxb5 25.Qxa4 Rxc5 26.Bxc5 Nxc5 27.Qa8+ Bf8 28.Rd8 Ne6
29.Rc8 Qb4 30.Bf1 Qe1 31.Nxe5 Qxe4 32.Qxe4 Nxe4 33.Bc4 N6g5 34.Nd7 Nd6 35.Rxf8+  1-0

[Event "ITT Club Argentino"]
[Site "Buenos Aires ARG"]
[Date "2006.06.28"]
[Round "8"]
[White "Goldwaser,C"]
[Black "Diaz,Rob"]
[Result "0-1"]
[WhiteElo "2308"]
[BlackElo "2307"]

1.d4 Nf6 2.c4 d6 3.Nf3 g6 4.g3 Bg7 5.Bg2 O-O 6.O-O Nbd7 7.Nc3 e5 8.e4 Re8
9.Re1 c6 10.h3 Qc7 11.Be3 exd4 12.Nxd4 Nc5 13.Qc2 a5 14.Rad1 Bd7 15.b3 Rad8
16.a3 Bc8 17.b4 axb4 18.axb4 Ne6 19.Nb3 Nd7 20.f4 f5 21.exf5 gxf5 22.Na4 b5
23.Nc3 bxc4 24.Na5 d5 25.Bxd5 cxd5 26.Nxd5 Qb8 27.Qxc4 Bb7 28.b5 Nf6 29.Nxf6+ Bxf6
30.Nc6 Rxd1 31.Rxd1 Qc7 32.Qd5 Bxc6 33.bxc6 Kg7 34.Rc1 Nd8 35.Bd4 Re6 36.Bxf6+ Rxf6
37.Kh1 Nxc6 38.g4 fxg4 39.hxg4 Qd6 40.Qg5+ Rg6 41.Qf5 Rh6+ 42.Kg1 Qd4+ 43.Kg2 Qd2+
44.Kg3 Qe3+ 45.Kg2 Qd2+ 46.Kg3 Qh2+ 47.Kf3 Nd4+  0-1

[Event "II Perla Baltyku"]
[Site "Mielno POL"]
[Date "2006.06.28"]
[Round "9"]
[White "Grabarczyk,M"]
[Black "Gajdzica,M"]
[Result "1-0"]
[WhiteElo "2469"]
[BlackElo "2034"]

1.d4 Nf6 2.c4 g6 3.Nf3 Bg7 4.g3 O-O 5.Bg2 d6 6.Nc3 Nc6 7.O-O a6 8.Bf4 Bf5
9.Rc1 Ne4 10.Nxe4 Bxe4 11.d5 Bxf3 12.Bxf3 Nd4 13.Bg2 c5 14.dxc6 bxc6 15.b4 Rb8
16.Bd2 Qc7 17.Re1 c5 18.a3 Rb6 19.bxc5 Qxc5 20.Bb4 Qe5 21.c5 dxc5 22.Rxc5 Qb8
23.e3 Ne6 24.Rc4 Bf6 25.Qa4 Qe5 26.Rec1 Rfb8 27.Qd7 Nf8 28.Qc7 Qb2 29.Bd5 e6
30.R4c2 Qe5 31.Bf3 Qf5 32.Kg2 Bd8 33.Qf4 Qxf4 34.gxf4 Nd7 35.Rc8 Rxc8 36.Rxc8 Rb8
37.Rc4 Kg7 38.e4 e5 39.Bc3 f6 40.Bg4 Nb6 41.Rc6 Na4 42.Bb4 exf4 43.Rxa6 Nb6
44.Ra7+ Kh6 45.h4 g5 46.Bf8+  1-0

[Event "56th ch-RUS w Top League"]
[Site "Orel RUS"]
[Date "2006.06.29"]
[Round "1"]
[White "Chistiakova,T"]
[Black "Kirillova,V"]
[Result "1/2-1/2"]
[WhiteElo "2351"]
[BlackElo "2225"]

1.Nf3 d6 2.d4 Nf6 3.c4 g6 4.g3 Bg7 5.Bg2 O-O 6.Nc3 Nbd7 7.O-O e5 8.e4 c6
9.h3 Qb6 10.dxe5 dxe5 11.Rb1 a5 12.Be3 Qb4 13.Qe2 a4 14.Bd2 Rd8 15.Nd5 Qd6
16.Bb4 c5 17.Bc3 Nxd5 18.exd5 f5 19.Ng5 Nf8 20.Rfe1 h6 21.Ne6 Bxe6 22.dxe6 e4
23.Bxg7 Kxg7 24.b4 Nxe6 25.bxc5 Nxc5 26.Rb5 Rac8 27.g4 Qd2 28.gxf5 gxf5 29.f3 Qxe2
30.Rxe2 Rd4 31.fxe4 fxe4 32.Bf1 Rc6 33.Rf2 b6 34.Rg2+ Kf7 35.Be2 Kf6 36.Rb1 Ke5
37.Rg8 Rd2 38.Bg4 Rxa2 39.Rd8 Nd3 40.Rf1 Rf2  1/2-1/2

[Event "Midnight Sun"]
[Site "Tromso NOR"]
[Date "2006.06.30"]
[Round "7"]
[White "Johannessen,LE"]
[Black "Dworakowska,J"]
[Result "1-0"]
[WhiteElo "2559"]
[BlackElo "2364"]

1.d4 Nf6 2.c4 g6 3.Nf3 Bg7 4.g3 O-O 5.Bg2 d6 6.O-O Nc6 7.Nc3 Rb8 8.Re1 a6
9.Rb1 Bd7 10.b4 e5 11.dxe5 Nxe5 12.Nxe5 dxe5 13.Qc2 Bf5 14.e4 Be6 15.Rd1 Nd7
16.b5 Re8 17.Be3 Qc8 18.c5 axb5 19.Nxb5 Ra8 20.c6 bxc6 21.Qxc6 Ra6 22.Qc1 Bxa2
23.Rb2 Nb8 24.Nxc7 Rc6 25.Nxe8 Rxc1 26.Rxc1 Qxe8 27.Rxa2 Nd7 28.Bh3 Nf8 29.Rc8 Qb5
30.Raa8 Qb1+ 31.Bf1  1-0

[Event "III Open"]
[Site "Sanxenxo ESP"]
[Date "2006.07.01"]
[Round "7"]
[White "Sanchez Juncal,B"]
[Black "Frois,A"]
[Result "0-1"]
[WhiteElo "2209"]
[BlackElo "2356"]

1.d4 Nf6 2.Nf3 g6 3.g3 Bg7 4.c4 O-O 5.Bg2 d6 6.O-O Nc6 7.d5 Na5 8.Nfd2 c5
9.Nc3 Bd7 10.Qc2 a6 11.e4 b5 12.Nd1 Rb8 13.Rb1 e6 14.dxe6 Bxe6 15.Ne3 Nc6
16.a3 Nd4 17.Qd3 bxc4 18.Ndxc4 d5 19.exd5 Nxd5 20.Qe4 Nxe3 21.Nxe3 Re8  0-1

[Event "III Open"]
[Site "Sanxenxo ESP"]
[Date "2006.07.01"]
[Round "7"]
[White "Rodriguez Lopez,R"]
[Black "Reinaldo Castineira,R"]
[Result "1/2-1/2"]
[WhiteElo "2267"]
[BlackElo "2441"]

1.Nf3 d6 2.c4 g6 3.g3 Bg7 4.Bg2 Nf6 5.d4 O-O 6.O-O c5 7.b3 Nc6 8.Bb2 cxd4
9.Nxd4 Bd7 10.Nc3 Nxd4 11.Qxd4 Bc6 12.Nd5 a5 13.Qd2 Bxd5 14.Bxd5 Qc7 15.Bxf6 Bxf6
16.Rab1 Rab8 17.a4 b6 18.Rfd1 Kg7 19.Kg2 h5 20.h4 Qd7 21.Qf4 Qg4 22.Qxg4 hxg4
23.f3 gxf3+ 24.exf3 Bc3 25.Rd3 Bb4 26.f4 e6 27.Bf3 f5 28.h5 gxh5 29.Bxh5 Kf6
30.g4 fxg4 31.Bxg4 Rbe8 32.Rh1 Rh8 33.Rxh8 Rxh8 34.Rh3 Rxh3 35.Bxh3 e5 36.Kf3 Bd2
37.fxe5+ dxe5 38.Ke4 Bc3 39.Bd7 Bd4 40.Bc6  1/2-1/2

[Event "35th TCh-GRE"]
[Site "Ermioni GRE"]
[Date "2006.07.03"]
[Round "1"]
[White "Papadopoulos,N"]
[Black "Pavlidis,Ana"]
[Result "0-1"]
[WhiteElo "2152"]
[BlackElo "2120"]

1.Nf3 Nf6 2.c4 g6 3.d4 Bg7 4.g3 O-O 5.Bg2 d6 6.O-O Nbd7 7.Nc3 e5 8.e4 exd4
9.Nxd4 Re8 10.Re1 a6 11.Rb1 Rb8 12.b3 c6 13.h3 Qc7 14.Be3 c5 15.Nde2 b5 16.cxb5 axb5
17.b4 Ba6 18.Nf4 Ne5 19.Nfd5 Nxd5 20.Nxd5 Qa7 21.a4 Nc4 22.Bg5 Re6 23.h4 h6
24.Bf4 Nb2 25.Qd2 Nc4 26.Qc1 bxa4 27.Bxh6 Bd4 28.b5 Rxb5 29.Rxb5 Bxb5 30.Bf1 a3
31.Bxc4 Bxc4 32.Qxc4 a2 33.Nf4 Rxe4 34.Rxe4 a1=Q+ 35.Kg2 Q7a2  0-1

[Event "56th ch-RUS w Top League"]
[Site "Orel RUS"]
[Date "2006.07.03"]
[Round "5"]
[White "Kursova,M"]
[Black "Kirillova,V"]
[Result "1-0"]
[WhiteElo "2333"]
[BlackElo "2225"]

1.d4 Nf6 2.Nf3 g6 3.c4 Bg7 4.g3 O-O 5.Bg2 d6 6.O-O Nbd7 7.Nc3 e5 8.e4 c6
9.h3 Qb6 10.Re1 Re8 11.Re2 exd4 12.Nxd4 Nxe4 13.Nxe4 Qxd4 14.Be3 Qxd1+ 15.Rxd1 Ne5
16.Nxd6 Rd8 17.Red2 Bxh3 18.Bxh3 Nf3+ 19.Kf1 Nxd2+ 20.Rxd2 f5 21.Bg2 Rd7
22.Nxb7 Rxb7 23.Bxc6 Rab8 24.Bxb7 Rxb7 25.b3 Kf7 26.Rd5 Bc3 27.Ke2 a5 28.c5 h5
29.Bf4 Rb4 30.a4 Rxb3 31.c6 Bf6 32.c7 Rc3 33.Rd8 g5 34.Bd6 Ke6 35.c8=Q+ Rxc8
36.Rxc8 Kxd6 37.Rf8 Ke6 38.Kd3 h4 39.gxh4 gxh4 40.f4 Bg7 41.Rb8 Bf6 42.Rb6+ Kf7
43.Rb5 Kg6 44.Rxa5 h3 45.Rb5 Bd8 46.Ke3 h2 47.Rb1 Kf7 48.Kf3 Bc7 49.Rh1  1-0

[Event "35th TCh-GRE"]
[Site "Ermioni GRE"]
[Date "2006.07.04"]
[Round "2"]
[White "Sismanis,A"]
[Black "Katsifarakis,N"]
[Result "1-0"]
[WhiteElo "2192"]
[BlackElo "1923"]

1.Nf3 Nf6 2.d4 g6 3.g3 Bg7 4.c4 O-O 5.Bg2 d6 6.Nc3 Nbd7 7.O-O c6 8.e4 e5
9.h3 Re8 10.Re1 Qb6 11.d5 cxd5 12.cxd5 Nc5 13.Rb1 a5 14.Be3 Bd7 15.Nd2 Qc7
16.Qe2 Reb8 17.Nb5 Qb6 18.a4 Bxb5 19.axb5 Qd8 20.Nc4 b6 21.Qc2 Ne8 22.f4 f6
23.b4 axb4 24.Rxb4 Ra7 25.Rbb1 Rba8 26.Qc3 Qc7 27.Ra1 Ra4 28.Rxa4 Rxa4 29.Bf2 Bh6
30.fxe5 fxe5 31.Qc2 Rb4 32.Rb1 Rxb1+ 33.Qxb1 Nf6 34.Qa2 Nfd7 35.Qa8+ Kf7
36.Qc6 Qd8 37.Nxd6+ Ke7 38.Nc8+ Kf8 39.Nxb6  1-0

[Event "Open"]
[Site "Kavala GRE"]
[Date "2006.07.05"]
[Round "2"]
[White "Romanishin,O"]
[Black "Palekha,A"]
[Result "1-0"]
[WhiteElo "2555"]
[BlackElo "2353"]

1.d4 Nf6 2.Nf3 g6 3.g3 Bg7 4.Bg2 O-O 5.c4 d6 6.O-O c6 7.b3 Qa5 8.Bb2 Qh5
9.Nbd2 Bh3 10.e4 Bxg2 11.Kxg2 Na6 12.h3 Qa5 13.a3 b5 14.b4 Qd8 15.Qe2 Nc7
16.cxb5 cxb5 17.Nb3 Nd7 18.d5 Bxb2 19.Qxb2 Nb6 20.Na5 e6 21.dxe6 Nxe6 22.Rad1 Qc7
23.Rc1 Qe7 24.Qe2 Ng5 25.Nxg5 Qxg5 26.h4 Qe5 27.Rfe1 a6 28.Rc6 Na4 29.Qd2 Rfd8
30.Qd5 Rac8 31.Rxa6 Rc3 32.Nc6 Qxd5 33.exd5 Rf8 34.Nd4 Rd3 35.Nxb5 Nb2 36.Nxd6 Rxd5
37.Re2 Nd3 38.Ne4 Kg7 39.Rd6 Rxd6 40.Nxd6 Rd8 41.Nc4 Rc8 42.Re3 Nc1 43.Ne5 Kf6
44.b5 Kg7 45.b6 Rb8 46.Nc4 Na2 47.g4 h6 48.g5 hxg5 49.hxg5 Kf8 50.Kf3  1-0

[Event "TESPO GM"]
[Site "Brno CZE"]
[Date "2006.07.06"]
[Round "8"]
[White "Bernasek,J"]
[Black "Pisk,P"]
[Result "1-0"]
[WhiteElo "2452"]
[BlackElo "2357"]

1.d4 Nf6 2.c4 g6 3.Nf3 Bg7 4.g3 O-O 5.Bg2 d6 6.O-O a6 7.Nc3 Nc6 8.h3 Bd7
9.Bg5 h6 10.Be3 e6 11.Qc1 Kh7 12.d5 Ne7 13.dxe6 fxe6 14.g4 Rb8 15.a4 Nc6
16.Qc2 Nb4 17.Qd2 Qe7 18.a5 Bc6 19.g5 hxg5 20.Nxg5+ Kg8 21.Nce4 Nxe4 22.Nxe4 Bxe4
23.Bg5 Bf6 24.Bxf6 Qxf6 25.Bxe4 Nc6 26.Ra3 Qf4 27.Qxf4 Rxf4 28.f3 Ne5 29.b3 c6
30.e3 Rh4 31.f4 Nd7 32.Bg2 Kf7 33.b4 Ke7 34.Rb1 g5 35.fxg5 Rg8 36.Rc3 Rxg5
37.Kh2 Ne5 38.e4 Rf4 39.Rb2 Kd8 40.b5 axb5 41.cxb5 cxb5 42.Rcb3 b4 43.Rxb4 Nf3+
44.Bxf3 Rxf3 45.Rxb7 Rh5 46.Rg2 Rfxh3+ 47.Kg1 Rh8 48.Rgg7 Kc8 49.a6 Rh1+
50.Kg2 R1h2+ 51.Kg3 R2h3+ 52.Kg4 R3h4+ 53.Kg5 R8h5+ 54.Kg6 Rh6+ 55.Kf7 Rh7
56.Rxh7 Rxh7+ 57.Kxe6 Rh6+ 58.Kd5 Rh1 59.Re7 Rd1+ 60.Ke6 Rd4 61.a7 Rxe4+
62.Kxd6 Ra4 63.Rc7+ Kd8 64.Rb7  1-0

[Event "35th TCh-GRE"]
[Site "Ermioni GRE"]
[Date "2006.07.06"]
[Round "4"]
[White "Tsorbatzoglou,T"]
[Black "Souleidis,G"]
[Result "1-0"]
[WhiteElo "2232"]
[BlackElo "2412"]

1.d4 Nf6 2.Nf3 g6 3.g3 Bg7 4.Bg2 O-O 5.c4 d6 6.O-O Nbd7 7.Qc2 e5 8.dxe5 dxe5
9.e4 Qe7 10.b3 Nc5 11.Ba3 b6 12.Nc3 c6 13.Ne1 Nfd7 14.Nd3 Re8 15.Nxc5 Nxc5
16.Na4 Bf8 17.Nxc5 Qc7 18.Nd3 Bxa3 19.b4 c5 20.Qa4  1-0

[Event "3rd South Wales Int"]
[Site "Caerleon WLS"]
[Date "2006.07.08"]
[Round "1"]
[White "Bennett,P"]
[Black "Radovanovic,J"]
[Result "1/2-1/2"]
[WhiteElo "2128"]
[BlackElo "2366"]

1.d4 Nf6 2.Nf3 g6 3.c4 Bg7 4.g3 O-O 5.Bg2 d6 6.O-O Nbd7 7.Nc3 e5 8.e4 c6
9.d5 Nc5 10.Ne1 a5 11.Nd3 Nfd7 12.Be3 Nxd3 13.Qxd3 Nc5 14.Qd2 cxd5 15.Nxd5 Be6
16.f4 exf4 17.gxf4 Rc8 18.Bd4 Bxd5 19.cxd5 Re8 20.Bxg7 Kxg7 21.Rae1 f6 22.e5 fxe5
23.fxe5 Rxe5 24.Rxe5 dxe5 25.d6 Qh4 26.Kh1 Rf8 27.Rxf8 Kxf8 28.Qxa5 b6 29.Qc3 Qd4
30.Qf3+ Kg7 31.Qd5 Qxb2 32.h3 Qc1+ 33.Kh2 Qf4+ 34.Kh1 Qd4 35.Qc6 e4 36.Qxb6 e3
37.Qc7+ Kh6 38.Qe7 e2 39.Qxe2 Qxd6 40.Qe3+ Kg7 41.Qc3+ Kh6 42.Qe3+ Kg7 43.Qc3+ Kf7
44.Qc4+ Ke7 45.Qd5  1/2-1/2

[Event "Open"]
[Site "Condom FRA"]
[Date "2006.07.11"]
[Round "5"]
[White "Cioara,A"]
[Black "Sanchez,N"]
[Result "1-0"]
[WhiteElo "2412"]
[BlackElo "2188"]

1.d4 Nf6 2.c4 g6 3.g3 Bg7 4.Bg2 O-O 5.Nf3 d6 6.Nc3 c6 7.O-O Qa5 8.e4 e5 9.dxe5 dxe5
10.Qc2 Be6 11.b3 Na6 12.Bd2 Qc7 13.Rac1 Rad8 14.a3 Nc5 15.Be3 Qe7 16.Nxe5 Ncxe4
17.Nxe4 Nxe4 18.Qxe4 Bf5 19.Nxc6 Qxe4 20.Bxe4 bxc6 21.Bxf5 gxf5 22.Bxa7  1-0

[Event "3rd South Wales Int"]
[Site "Caerleon WLS"]
[Date "2006.07.12"]
[Round "7"]
[White "Barsov,A"]
[Black "Jones,RS"]
[Result "1-0"]
[WhiteElo "2546"]
[BlackElo "2342"]

1.d4 Nf6 2.c4 g6 3.Nf3 Bg7 4.g3 O-O 5.Bg2 d6 6.O-O Nbd7 7.Nc3 e5 8.h3 a6
9.Bg5 h6 10.Be3 exd4 11.Nxd4 Re8 12.Qd2 Kh7 13.Rad1 Nc5 14.Qc2 Qe7 15.Nd5 Nxd5
16.cxd5 Bd7 17.h4 Rac8 18.h5 Qe5 19.hxg6+ fxg6 20.Bf4 Qh5 21.Bf3 Bg4 22.Bxg4 Qxg4
23.b4 Nd7 24.Ne6 Be5 25.f3 Qf5 26.e4 Qf6 27.Bxh6  1-0

[Event "25th Open"]
[Site "St Veit AUT"]
[Date "2006.07.15"]
[Round "8"]
[White "Grunberg,M"]
[Black "Praznik,N"]
[Result "1-0"]
[WhiteElo "2403"]
[BlackElo "2356"]

1.d4 Nf6 2.Nf3 g6 3.g3 Bg7 4.Bg2 O-O 5.c4 d6 6.Nc3 c6 7.O-O Qa5 8.e4 Qh5
9.e5 Ne8 10.exd6 exd6 11.Bg5 f6 12.Bd2 Bg4 13.Qb3 Rf7 14.Rfe1 Na6 15.Nh4 Rd8
16.h3 Bc8 17.Nd5 g5 18.Bf3 g4 19.hxg4 Bxg4 20.Nf4  1-0

[Event "US Junior"]
[Site "Dallas USA"]
[Date "2006.07.18"]
[Round "6"]
[White "Gulamali,K"]
[Black "Bercys,S"]
[Result "1/2-1/2"]
[WhiteElo "2302"]
[BlackElo "2368"]

1.d4 Nf6 2.Nf3 g6 3.c4 Bg7 4.g3 O-O 5.Bg2 d6 6.O-O Nc6 7.Nc3 Bf5 8.Ne1 Bd7
9.e3 a6 10.Nd3 Rb8 11.b4 b5 12.c5 a5 13.a3 e6 14.Bb2 d5 15.Qd2 Ne8 16.Ne2 a4
17.f3 f5 18.Ne5 Nxe5 19.dxe5 g5 20.c6 Bxc6 21.Nd4 Bd7 22.Rac1 f4 23.Nc6 Bxc6
24.Rxc6 Qd7 25.Rfc1 Kh8 26.Qe2 Qf7 27.Bd4 Qf5 28.exf4 gxf4 29.g4 Qg6 30.Ra6 Nd6
31.exd6 Bxd4+ 32.Kh1 cxd6 33.Rxd6 Be3 34.Rcc6 Rbe8  1/2-1/2

[Event "Blue Sevan"]
[Site "Sevan ARM"]
[Date "2006.07.19"]
[Round "7"]
[White "Melkumyan,H"]
[Black "Andriasian,Z"]
[Result "1-0"]
[WhiteElo "2360"]
[BlackElo "2463"]

1.d4 Nf6 2.c4 g6 3.Nf3 Bg7 4.g3 O-O 5.Bg2 d6 6.O-O Nbd7 7.Nc3 e5 8.h3 Re8
9.e4 exd4 10.Nxd4 Nc5 11.Re1 c6 12.Bf4 Nh5 13.Be3 a5 14.Qc2 a4 15.Rad1 Qa5
16.Kh2 Be6 17.Nxe6 Nxe6 18.Ne2 Nf6 19.Nf4 Nd7 20.Re2 Ne5 21.Nxe6 Rxe6 22.c5 Qb4
23.cxd6 Nc4 24.d7 Rd8 25.Bg5 f6 26.Bf4 Ne5 27.Red2 g5 28.Bxe5 fxe5 29.Bf3 Rf6
30.Bg4 Bf8 31.Bf5 Bc5 32.a3 Qb5 33.Qc3 Bb6 34.Qf3 Qb3 35.Qh5 h6 36.Qe8+ Kg7
37.Qxe5 Qb5 38.Qxb5 cxb5 39.Kg2 Rc6 40.Rd6 Bc7 41.R6d5 b4 42.axb4 Rc2 43.Rc5 Rxc5
44.bxc5 Be5 45.Ra1 Bd4 46.Rxa4 Bxc5 47.Rc4 b6 48.b4 Be7 49.e5 Rf8 50.Bg4 Rd8
51.f4 gxf4 52.gxf4 h5 53.Be6 b5 54.Rc8  1-0

[Event "XI Open"]
[Site "Balaguer ESP"]
[Date "2006.07.22"]
[Round "6"]
[White "Matnadze,A"]
[Black "Babaev,Ra"]
[Result "1/2-1/2"]
[WhiteElo "2361"]
[BlackElo "2454"]

1.d4 Nf6 2.c4 g6 3.g3 Bg7 4.Bg2 O-O 5.Nf3 d6 6.O-O Nc6 7.Nc3 a6 8.d5 Na5
9.Nd2 c5 10.Rb1 Rb8 11.b3 b5 12.Bb2 e5 13.dxe6 fxe6 14.cxb5 axb5 15.Nde4 Nxe4
16.Nxe4 Nb7 17.Bxg7  1/2-1/2

[Event "Canadian Open"]
[Site "Kitchener CAN"]
[Date "2006.07.22"]
[Round "8"]
[White "Gokhale,C"]
[Black "Davies,L"]
[Result "1/2-1/2"]
[WhiteElo "2371"]
[BlackElo "2178"]

1.d4 Nf6 2.c4 g6 3.Nf3 Bg7 4.g3 d6 5.Bg2 O-O 6.O-O c5 7.d5 Na6 8.Nc3 Nc7
9.a4 b6 10.h3 Rb8 11.e4 Nfe8 12.Re1 a6 13.Bf1 Bd7 14.e5 b5 15.b3 bxc4 16.bxc4 e6
17.Ba3 exd5 18.cxd5 Bf5 19.Rc1 Bh6 20.g4 Bxc1 21.Qxc1 Bc8 22.Qh6 f6 23.e6 Qe7
24.Bc4 a5 25.Nd2 Ba6 26.Ba2 f5 27.g5 Qg7 28.Qxg7+ Kxg7 29.Nc4 Bxc4 30.Bxc4 f4
31.Ne4 Rf5 32.Rd1 f3 33.Kh2 Rf4 34.Re1 Rf5 35.Rd1 Rf4  1/2-1/2

[Event "Czech Open A"]
[Site "Pardubice CZE"]
[Date "2006.07.23"]
[Round "3"]
[White "Kuljasevic,D"]
[Black "Zolotukhin,V"]
[Result "1-0"]
[WhiteElo "2419"]
[BlackElo "2290"]

1.d4 Nf6 2.Nf3 g6 3.c4 Bg7 4.g3 d6 5.Bg2 O-O 6.Nc3 Nc6 7.O-O a6 8.d5 Na5
9.Nd2 c5 10.Qc2 Rb8 11.b3 b5 12.Rb1 e5 13.cxb5 axb5 14.b4 cxb4 15.Rxb4 Ba6
16.Ba3 Qc7 17.Rc1 Rfc8 18.Qb1 Nc4 19.Nxc4 bxc4 20.Qc2 Rxb4 21.Bxb4 Ng4 22.e4 Bh6
23.Re1 Rb8 24.a3 Bf8 25.Bf1 h5 26.Rb1 Qa7 27.Nd1 h4 28.Be2 Nf6 29.Rc1 hxg3
30.hxg3 Qd7 31.Bf1 Qg4 32.Nc3 Qh5 33.Qe2 Qh6 34.Re1 Bc8 35.Nd1 Bh3 36.Qf3 Bxf1
37.Rxf1 Kg7 38.Kg2 Be7 39.Rh1 Qg5 40.Ne3 Rc8 41.Bc3 Rb8 42.Bb4 Rc8 43.Bd2 c3
44.Nf5+ Qxf5 45.Bh6+  1-0

[Event "ITT"]
[Site "Villa Martelli ARG"]
[Date "2006.07.26"]
[Round "3"]
[White "Goldwaser,C"]
[Black "Gattas,A"]
[Result "0-1"]
[WhiteElo "2359"]
[BlackElo "2197"]

1.d4 Nf6 2.c4 g6 3.Nf3 Bg7 4.g3 O-O 5.Bg2 d6 6.O-O Nc6 7.Nc3 e5 8.d5 Ne7
9.e4 Nd7 10.Ne1 f5 11.Nd3 Nf6 12.Bg5 h6 13.Bxf6 Bxf6 14.f4 exf4 15.Nxf4 g5
16.Nd3 Ng6 17.exf5 Bd4+ 18.Nf2 Bxc3 19.bxc3  0-1